000 00342nam a2200133Ia 4500
005 20251222141843.0
008 251222s9999||||xx |||||||||||||| ||spa||
020 _a978-958-8348-04-0
082 _a515.43/M39
100 _aMejía Duque, Francisco Guillermo
245 0 _aCálculo Integral
264 _bUniversidad de Medellín
942 _cLIB
999 _c7493
_d7493